Flies / (Record no. 9452)

MARC details
000 -LEADER
fixed length control field 00806nam a22002897a 4500
001 - CONTROL NUMBER
control field 9452
003 - CONTROL NUMBER IDENTIFIER
control field FISKH
005 - DATE AND TIME OF LATEST TRANSACTION
control field 20260109160527.0
008 - FIXED-LENGTH DATA ELEMENTS--GENERAL INFORMATION
fixed length control field 260109b cb ||||| |||| 00| 0 eng d
020 ## - INTERNATIONAL STANDARD BOOK NUMBER
International Standard Book Number 9780736848862
040 ## - CATALOGING SOURCE
Original cataloging agency FISKH
Language of cataloging eng
Transcribing agency FISKH
Modifying agency FISKH
050 ## - LIBRARY OF CONGRESS CALL NUMBER
Classification number QL533 .C68
082 ## - DEWEY DECIMAL CLASSIFICATION NUMBER
Classification number 595.77
100 ## - MAIN ENTRY--PERSONAL NAME
Personal name Coughlan, Cheryl
Relator term Author
245 ## - TITLE STATEMENT
Title Flies /
Statement of responsibility, etc. By Cheryl Coughlan
260 ## - PUBLICATION, DISTRIBUTION, ETC.
Place of publication, distribution, etc. Mankato :
Name of publisher, distributor, etc. Capstone Press ,
Date of publication, distribution, etc. 1999
300 ## - PHYSICAL DESCRIPTION
Extent 24 pages :
Other physical details pictures ;
Dimensions 18 cm
490 ## - SERIES STATEMENT
Series statement Pebble books :
Volume/sequential designation Insects
505 ## - FORMATTED CONTENTS NOTE
Formatted contents note E<br/>
520 ## - SUMMARY, ETC.
Summary, etc. Simple text and photographs present the features and behavior of flies.
521 8# - TARGET AUDIENCE NOTE
Target audience note 210<br/>
Source Lexile<br/>
521 8# - TARGET AUDIENCE NOTE
Target audience note E<br/>
Source Raz-Plus<br/>
650 ## - SUBJECT ADDED ENTRY--TOPICAL TERM
Topical term or geographic name entry element Insects
Form subdivision Flies
650 ## - SUBJECT ADDED ENTRY--TOPICAL TERM
Topical term or geographic name entry element Non-fiction
Form subdivision Picture book
942 ## - ADDED ENTRY ELEMENTS (KOHA)
Source of classification or shelving scheme Dewey Decimal Classification
Koha item type Books
Suppress in OPAC No
Holdings
Withdrawn status Lost status Source of classification or shelving scheme Damaged status Not for loan Collection Home library Current library Shelving location Date acquired Total Checkouts Full call number Barcode Date last seen Copy number Price effective from Koha item type
    Dewey Decimal Classification     Non-Fiction Footprints International School Library Network Toul Tom Poung Campus Footprints International School Library Network Toul Tom Poung Campus TTP Primary Green Bookshelves 01/09/2026   COU 595.77 QL533 .C68 FIS03204 01/09/2026 1 01/09/2026 Books